Nastavte vo firme efektívny program mentoringu
Hlavné nástroje mentoringu podporujúce rast a rozvoj pracovníkov. Kvality dobrého mentora a ako postupovať pri mentoringu. Rozdiel medzi mentoringom a koučingom.
Saved in:
| Main Author: | |
|---|---|
| Format: | Book Chapter |
| Language: | Slovak |
| Subjects: | |
| Tags: |
No Tags, Be the first to tag this record!
|
MARC
| LEADER | 00000naa a2200000 4500 | ||
|---|---|---|---|
| 001 | 0183314 | ||
| 005 | 20230912114243.0 | ||
| 041 | 0 | |a slo | |
| 044 | |a SK | ||
| 245 | 1 | 0 | |a Nastavte vo firme efektívny program mentoringu |c Marián Kubeš |
| 520 | |a Hlavné nástroje mentoringu podporujúce rast a rozvoj pracovníkov. Kvality dobrého mentora a ako postupovať pri mentoringu. Rozdiel medzi mentoringom a koučingom. | ||
| 610 | 2 | 0 | |a manažéri |
| 610 | 2 | 0 | |a lídri |
| 610 | 2 | 0 | |a rozvoj pracovníkov |
| 610 | 2 | 0 | |a koučovanie |
| 610 | 2 | 0 | |a mentoring |
| 610 | 2 | 0 | |a zručnosti |
| 610 | 2 | 0 | |a vedomosti |
| 100 | 1 | |a Kubeš, Marián | |